000 00297nam a2200109Ia 4500
008 220120s9999||||xx |||||||||||||| ||und||
100 _aHanumantharaju, M.C
_94855
245 0 _aDigital system Design VHDL
260 _aStar tech education
_c2007
300 _b0
650 _aINFORMATION SCIENCE
_91300
999 _c136834
_d136834